|
|
|
|
| LEADER |
005850000a22001810004500 |
| 020 |
|
|
|a 81-85425-21-3
|
| 082 |
|
|
|a 320.954 96 N0
|
| 100 |
|
|
|a Rishikesh Shaha
|
| 245 |
|
|
|a Politics in Nepal 1980-1990: referendum, stalemate and triumph of people power
|
| 260 |
|
|
|a New Delhi, Manohar Publications
|
| 260 |
|
|
|c 1990
|
| 465 |
|
|
|a R 200
|
| 650 |
|
|
|a Government
|
| 650 |
|
|
|a Nepal
|
| 650 |
|
|
|a Politics
|
| 942 |
|
|
|c BK
|
| 999 |
|
|
|c 8575
|d 8575
|
| 952 |
|
|
|0 0
|1 0
|4 0
|6 320_954000000000000_96_N0
|7 0
|8 ENG
|9 8369
|a MGUL
|b MGUL
|d 2013-07-16
|e R 200
|l 2
|o 320.954 96 N0
|p 13711
|r 2019-03-26
|s 2017-08-02
|w 2013-07-16
|y BK
|